Record Details

Excellent Signpost Mental Maths

Record details

  • ISBN: 9789988077204
  • Physical Description: Paperback
  • Publisher: Accra EPP Book 2009
Subject: Maths

Available copies

  • 10 of 10 copies available at Headquarters.

Other Formats and Editions

English (2)
Location Call Number / Copy Notes Barcode Shelving Location Status Due Date
Airport Children Library 201 j510.076/PAR 000001260199 500 - Science & Math, Space, Earth, Weather, Animals,Plants Available -
Airport Children Library 201 j510.076/PAR 000001260205 500 - Science & Math, Space, Earth, Weather, Animals,Plants Available -
Airport Children Library 201 j510.076/PAR 000001260212 500 - Science & Math, Space, Earth, Weather, Animals,Plants Available -
Airport Children Library 201 j510.076/PAR 000001260229 500 - Science & Math, Space, Earth, Weather, Animals,Plants Available -
Airport Children Library 201 j510.076/PAR 000001260236 500 - Science & Math, Space, Earth, Weather, Animals,Plants Available -
Airport Children Library 201 j510.076/PAR 000001260243 500 - Science & Math, Space, Earth, Weather, Animals,Plants Available -
Airport Children Library 201 j510.076/PAR 000001260250 500 - Science & Math, Space, Earth, Weather, Animals,Plants Available -
Airport Children Library 201 j510.076/PAR 000001260267 500 - Science & Math, Space, Earth, Weather, Animals,Plants Available -
Airport Children Library 201 j510.076/PAR 000001260274 500 - Science & Math, Space, Earth, Weather, Animals,Plants Available -
Airport Children Library 201 j510.076/PAR 000001260281 500 - Science & Math, Space, Earth, Weather, Animals,Plants Available -

No reviews or recommendations are currently available.

Loading shelf browser…

LDR 00620cam a2200205Ka 4500
00176623
003HQ
00520210211130029.0
008070101s gh a er 0 eng d
020 . ‡a9789988077204
037 . ‡aGOG
082 . ‡aj510.076/PAR
100 . ‡aParker:A.J. Faulkner
245 . ‡aExcellent Signpost Mental Maths
260 . ‡aAccra ‡bEPP Book ‡c2009
300 . ‡aPaperback
650 . ‡aMaths
901 . ‡a76623 ‡bAUTOGEN ‡c76623 ‡tbiblio

Session Timeout

Your session will expire in minutes and seconds.

If you need more time, please click "Continue Session."

Session Ended

Your session has ended. Redirecting to the home page...